Komunikasi untuk Pengurus

Bibliographic Details
Main Author: Ab.Aziz Yusof
Format: Book
Published: Kuala Lumpur : Utusan Publications & Distributors , 2003
Subjects:

MARC

LEADER 00000cam a2200000 7i4500
001 0000013138
005 20080324.0
008 080108
020 |a 9676114715 
090 0 0 |a 338.04   |b ABA 
100 0 |a Ab.Aziz Yusof 
245 1 0 |a Komunikasi untuk Pengurus   |c Ab.Aziz Yusof 
260 |a Kuala Lumpur :   |b Utusan Publications & Distributors ,   |c 2003 
650 0 |a Communication   |x Management 
650 0 |a Organizational effectiveness 
999 |a 0000911422   |b Book   |c Adult Collection   |e Cawangan Bandar Tenggara 
999 |a 0000932784   |b Book   |c Adult Collection   |e Cawangan Tangkak 
999 |a 0000939812   |b Book   |c Adult Collection   |e Cawangan Taman Sri Lambak 
999 |a 0000939813   |b Book   |c Adult Collection   |e Cawangan Taman Sri Lambak 
999 |a 0001011294   |b Book   |c Adult Collection   |e Perbadanan Perpustakaan Awam Johor 
999 |a 0001011295   |b Book   |c Adult Collection   |e Perbadanan Perpustakaan Awam Johor 
999 |a 0001011296   |b Book   |c Adult Collection   |e Perbadanan Perpustakaan Awam Johor